000 00635nam a2200241Ia 4500
008 171120s9999 xx 000 0 und d
020 _a9629782480
050 _a495.18
050 _bD611 2006
245 _aDiscovering chinese /
260 _aHongKong :
260 _bBetter Chinese Ltd.,
260 _c2006
300 _a98 pages:
300 _bcolor illustrations ;
300 _c28cm.
500 _aNotes : Better english.
650 _aChinese language --
650 _aChinese language --
650 _aChinese language.
650 _xStudy and teaching.
650 _xTextbooks for foreign speakers --English.
999 _c345060
_d345060